00525nam a22001697a 450000500170000001000150001702000260003203500140005803700130007208200120008510000180009724500880011526000450020327000630024830000210031150000230033220180419163240.0 aENG-122646 c395.00a9780199483570 aEN-106178 bDBAD/PUB a954.085 aKaur,Ravinder aSince 1947 partition narratives among punjabi migrants of delhi /cby Ravinder Kaur c2018aNew DelhibOxford University Press a2/1 Ground Floor,Ansari Road Daryaganj,bNew Delhie110002 c21cm(pbk)a277P. aIt includes index